<?xml version="1.0" encoding="UTF-8"?>
<record
    xmlns:xsi="http://www.w3.org/2001/XMLSchema-instance"
    xsi:schemaLocation="http://www.loc.gov/MARC21/slim http://www.loc.gov/standards/marcxml/schema/MARC21slim.xsd"
    xmlns="http://www.loc.gov/MARC21/slim">

  <leader>01955nam a2200337 i 4500</leader>
  <controlfield tag="003">DO-SdBNP</controlfield>
  <controlfield tag="005">20260515121121.0</controlfield>
  <controlfield tag="006">a||||gr|||| 00| 0 </controlfield>
  <controlfield tag="007">ta</controlfield>
  <controlfield tag="008">231123e2018    dr abc|| |||| 00| e spa d</controlfield>
  <datafield tag="020" ind1=" " ind2=" ">
    <subfield code="a">9789945481860</subfield>
  </datafield>
  <datafield tag="040" ind1=" " ind2=" ">
    <subfield code="a">DO-SdBNP</subfield>
    <subfield code="b">spa</subfield>
    <subfield code="c">BNPHU</subfield>
    <subfield code="e">rda</subfield>
  </datafield>
  <datafield tag="041" ind1=" " ind2=" ">
    <subfield code="a">spa</subfield>
  </datafield>
  <datafield tag="082" ind1=" " ind2="4">
    <subfield code="a">324.27293</subfield>
    <subfield code="b">N964s</subfield>
    <subfield code="2">22</subfield>
  </datafield>
  <datafield tag="245" ind1="1" ind2="0">
    <subfield code="a">Si no somos nosotros... /</subfield>
    <subfield code="c">Charlie N&#xFA;&#xF1;ez ; pr&#xF3;logo, Reinaldo Pared P&#xE9;rez</subfield>
  </datafield>
  <datafield tag="250" ind1=" " ind2=" ">
    <subfield code="a">Segunda edici&#xF3;n </subfield>
  </datafield>
  <datafield tag="264" ind1=" " ind2="1">
    <subfield code="a">Santo Domingo, Rep&#xFA;blica Dominicana :  </subfield>
    <subfield code="b">Impresi&#xF3;n Editora Centenario,</subfield>
    <subfield code="c">2018.</subfield>
  </datafield>
  <datafield tag="300" ind1=" " ind2=" ">
    <subfield code="a">859 p&#xE1;ginas :</subfield>
    <subfield code="b">ilustraciones, mapa, retratos ;</subfield>
    <subfield code="c">24 cm.</subfield>
  </datafield>
  <datafield tag="336" ind1=" " ind2=" ">
    <subfield code="a">texto</subfield>
    <subfield code="b">txt</subfield>
    <subfield code="2">rdacontent</subfield>
  </datafield>
  <datafield tag="337" ind1=" " ind2=" ">
    <subfield code="a">sin mediaci&#xF3;n</subfield>
    <subfield code="b">n</subfield>
    <subfield code="2">rdamedia</subfield>
  </datafield>
  <datafield tag="338" ind1=" " ind2=" ">
    <subfield code="a">volumen</subfield>
    <subfield code="b">nc</subfield>
    <subfield code="2">rdacarrier</subfield>
  </datafield>
  <datafield tag="500" ind1=" " ind2=" ">
    <subfield code="a">Incluye datos biogr&#xE1;ficos del autor en la solapa de la contracubierta.</subfield>
  </datafield>
  <datafield tag="505" ind1=" " ind2=" ">
    <subfield code="a">Presentaci&#xF3;n.-- Agradecimientos.-- Dedicatoria.-- Pr&#xF3;logo.-- Preliminar.</subfield>
    <subfield code="g">Cap&#xED;tulo I</subfield>
    <subfield code="t">El PLD: un poco de historia.--</subfield>
    <subfield code="g">Cap&#xED;tulo II</subfield>
    <subfield code="t">Los S&#xED;mbolos del PLD.--</subfield>
    <subfield code="g">Cap&#xED;tulo III</subfield>
    <subfield code="t">Ser del PLD.--</subfield>
    <subfield code="g">Cap&#xED;tulo IV</subfield>
    <subfield code="t">Los C&#xED;rculos de Estudios.--</subfield>
    <subfield code="g">Cap&#xED;tulo V</subfield>
    <subfield code="t">Escuela de Cuadros y Activistas.--</subfield>
    <subfield code="g">Cap&#xED;tulo VI</subfield>
    <subfield code="t">Los Comit&#xE9;s Intermedios.--</subfield>
    <subfield code="g">Cap&#xED;tulo VII.</subfield>
    <subfield code="t">La Seccionales del PLD.--</subfield>
    <subfield code="g">Cap&#xED;tulo VIII</subfield>
    <subfield code="t">El PLD en las Provincias.--</subfield>
    <subfield code="g">Cap&#xED;tulo IX</subfield>
    <subfield code="t">Los Congresos y los Comit&#xE9;s Centrales.--</subfield>
    <subfield code="g">Cap&#xED;tulo X</subfield>
    <subfield code="t">Presidentes y Secretarios Generales del PLD.--</subfield>
    <subfield code="g">Cap&#xED;tulo XI</subfield>
    <subfield code="t">La Seguridad del Partido.--</subfield>
    <subfield code="g">Cap&#xED;tulo XII</subfield>
    <subfield code="t">La Mata'e Limoncillo.--</subfield>
    <subfield code="g">Cap&#xED;tulo XIII</subfield>
    <subfield code="t">A Modo de Conclusi&#xF3;n.--</subfield>
    <subfield code="t">Referencias.--</subfield>
    <subfield code="t">Glosario.</subfield>
  </datafield>
  <datafield tag="590" ind1=" " ind2=" ">
    <subfield code="a">Inventariado 2023 / MF</subfield>
  </datafield>
  <datafield tag="610" ind1="2" ind2="0">
    <subfield code="a">Partido de la Liberaci&#xF3;n  Dominicana</subfield>
    <subfield code="x">Historia</subfield>
    <subfield code="2">LIBRUNAM </subfield>
    <subfield code="9">64153</subfield>
  </datafield>
  <datafield tag="650" ind1=" " ind2="7">
    <subfield code="a">Partidos pol&#xED;ticos</subfield>
    <subfield code="z">Rep&#xFA;blica Dominicana</subfield>
    <subfield code="2">LIBRUNAM </subfield>
    <subfield code="9">3367</subfield>
  </datafield>
  <datafield tag="651" ind1=" " ind2="7">
    <subfield code="a">Rep&#xFA;blica Dominicana</subfield>
    <subfield code="x">Pol&#xED;tica y gobierno</subfield>
    <subfield code="2">LIBRUNAM </subfield>
    <subfield code="9">45</subfield>
  </datafield>
  <datafield tag="700" ind1="1" ind2=" ">
    <subfield code="a">Pared P&#xE9;rez, Reinaldo,</subfield>
    <subfield code="9">50599</subfield>
    <subfield code="e">prologuista</subfield>
    <subfield code="4">pr.</subfield>
  </datafield>
  <datafield tag="910" ind1=" " ind2=" ">
    <subfield code="a">LP/Validado. Control de calidad MFF</subfield>
  </datafield>
  <datafield tag="942" ind1=" " ind2=" ">
    <subfield code="2">ddc</subfield>
    <subfield code="c">LBS1</subfield>
  </datafield>
  <datafield tag="952" ind1=" " ind2=" ">
    <subfield code="0">0</subfield>
    <subfield code="1">0</subfield>
    <subfield code="2">ddc</subfield>
    <subfield code="5">1</subfield>
    <subfield code="7">0</subfield>
    <subfield code="8">PD</subfield>
    <subfield code="a">BNPHU</subfield>
    <subfield code="b">BNPHU</subfield>
    <subfield code="c">HD</subfield>
    <subfield code="d">2021-01-15</subfield>
    <subfield code="e">Donado por Nelson A. B&#xE1;ez</subfield>
    <subfield code="l">0</subfield>
    <subfield code="o">BNPHU PD 324.27293 N964s</subfield>
    <subfield code="p">2023-8002</subfield>
    <subfield code="r">2023-11-23</subfield>
    <subfield code="w">2023-11-23</subfield>
    <subfield code="y">LBS1</subfield>
    <subfield code="z">Ejemplar autografiado por el autor</subfield>
  </datafield>
  <datafield tag="952" ind1=" " ind2=" ">
    <subfield code="0">0</subfield>
    <subfield code="1">0</subfield>
    <subfield code="2">ddc</subfield>
    <subfield code="5">1</subfield>
    <subfield code="7">0</subfield>
    <subfield code="8">PD</subfield>
    <subfield code="a">BNPHU</subfield>
    <subfield code="b">BNPHU</subfield>
    <subfield code="c">HD</subfield>
    <subfield code="d">2025-07-30</subfield>
    <subfield code="e">Dep&#xF3;sito Legal</subfield>
    <subfield code="l">0</subfield>
    <subfield code="o">BNPHU PD 324.27293 N964s</subfield>
    <subfield code="p">2025-12479</subfield>
    <subfield code="r">2025-11-04</subfield>
    <subfield code="t">e. 2</subfield>
    <subfield code="w">2025-11-04</subfield>
    <subfield code="y">LBS1</subfield>
  </datafield>
  <datafield tag="952" ind1=" " ind2=" ">
    <subfield code="0">0</subfield>
    <subfield code="1">0</subfield>
    <subfield code="2">ddc</subfield>
    <subfield code="5">6</subfield>
    <subfield code="7">0</subfield>
    <subfield code="8">DS</subfield>
    <subfield code="a">BNPHU</subfield>
    <subfield code="b">BNPHU</subfield>
    <subfield code="c">HD</subfield>
    <subfield code="d">2025-07-30</subfield>
    <subfield code="e">Dep&#xF3;sito Legal</subfield>
    <subfield code="l">0</subfield>
    <subfield code="o">BNPHU DS 324.27293 N964s</subfield>
    <subfield code="p">2025-12480</subfield>
    <subfield code="r">2025-11-04</subfield>
    <subfield code="t">e. 3</subfield>
    <subfield code="w">2025-11-04</subfield>
    <subfield code="y">LBS1</subfield>
  </datafield>
  <datafield tag="952" ind1=" " ind2=" ">
    <subfield code="0">0</subfield>
    <subfield code="1">0</subfield>
    <subfield code="2">ddc</subfield>
    <subfield code="5">6</subfield>
    <subfield code="7">0</subfield>
    <subfield code="8">DS</subfield>
    <subfield code="a">BNPHU</subfield>
    <subfield code="b">BNPHU</subfield>
    <subfield code="c">HD</subfield>
    <subfield code="d">2025-07-30</subfield>
    <subfield code="e">Dep&#xF3;sito Legal</subfield>
    <subfield code="l">0</subfield>
    <subfield code="o">BNPHU DS 324.27293 N964s</subfield>
    <subfield code="p">2025-12481</subfield>
    <subfield code="r">2025-11-04</subfield>
    <subfield code="t">e. 4</subfield>
    <subfield code="w">2025-11-04</subfield>
    <subfield code="y">LBS1</subfield>
  </datafield>
  <datafield tag="999" ind1=" " ind2=" ">
    <subfield code="c">55574</subfield>
    <subfield code="d">55574</subfield>
  </datafield>
</record>
